| 000 | 00466nam a2200145 i 4500 | ||
|---|---|---|---|
| 001 | 83027 | ||
| 003 | ES-MaACL | ||
| 005 | 20230906174752.0 | ||
| 007 | t| | ||
| 008 | 041115s1911 uy ||||1| spa d | ||
| 245 | 0 | 3 |
_aLa instrucción pública primaria en la República Oriental de Uruguay _b: noticia escrita para la exposición internacional de Turín de 1911. |
| 260 |
_aMontevideo : _bA. Barreiro y Ramos, _c1911. |
||
| 300 | _c22 cm. | ||
| 852 |
_aES-MaACL _jG-8095 |
||
| 999 |
_c83027 _d83027 |
||